000 00695nam a2200289Ia 4500
005 20260324134506.0
008 008 260324s9999 xx 000 0 eng d
020 _a9781315074528
037 _aEBOOK
040 _aCRL
040 _beng
040 _cCRL
041 _2eng
041 _aeng
084 _qCRL
100 _aHugh Cortazzi
245 0 _aJapan Experiences - Fifty Years, One Hundred Views
245 0 _bPost-War Japan Through British Eyes
260 _bTaylor and Francis
260 _c2001
365 _a
365 _b150
856 _uhttp://www.taylorfrancis.com/books/9781315074528
942 _cEBOOK
999 _c1797180
_d1797180